| 000 | 00528nam a2200193Ia 4500 | ||
|---|---|---|---|
| 003 | GCL | ||
| 008 | 140319s9999 xx 000 0 eng d | ||
| 040 |
_aGCL / _cGCL |
||
| 082 | 0 | 4 |
_a821 _bR C |
| 100 | 1 | _aROBERTS, DENYS KILHAM | |
| 245 | 1 | 0 |
_aTHE CENTURIES POETRY: AN ANTHOLOGY VOLUME 3: POPE TO KEATS / _cROBERTS, DENYS KILHAM |
| 260 |
_a[S.N] : _bPENGUIN BOOKS ، _c1954 |
||
| 300 | _a269 P | ||
| 650 | 0 | 4 | _aENGLISH POETRY |
| 650 | 0 | 4 | _aENGLISH LITERATURE |
| 650 | 0 | 4 | _aLITERATURE |
| 650 | 0 | 4 | _aPOETRY |
| 942 |
_2ddc _cBK |
||
| 999 |
_c14216 _d14216 |
||